| 000 | 00532cam a2200145 4500500 | ||
|---|---|---|---|
| 005 | 20260329010345.0 | ||
| 041 | _afre | ||
| 042 | _adc | ||
| 100 | 1 | 0 |
_aMoureau, François _eauthor |
| 245 | 0 | 0 | _aOriol, Élodie, Vivre de la musique à Rome au xviii e siècle, Rome, École Française de Rome, 2021 |
| 260 | _c2023. | ||
| 500 | _a45 | ||
| 786 | 0 | _nDix-huitième siècle | 55 | 1 | 2023-05-09 | p. 679-680 | 0070-6760 | |
| 856 | 4 | 1 | _uhttps://shs.cairn.info/revue-dix-huitieme-siecle-2023-1-page-679?lang=fr&redirect-ssocas=7080 |
| 999 |
_c1851880 _d1851880 |
||